000 00386nam a2200133Ia 4500
008 211109s9999||||xx |||||||||||||| ||und||
082 _a894.8124
_bPAU-S
100 _aPaul [m P],
245 0 _aSahithia Vicharam
260 _bSAHITHYA PRVARTHAKA SANGHAM
_aKottayam
_c1959
630 _xGeneral Stack
650 _aMalayalam literature
_vmalayalam essaysessays
_xGeneralia
942 _cBOOK
999 _c19211
_d19211